000 00648nam a2200181Ia 4500
999 _c37904
_d37904
003 GCL
005 20240530103243.0
008 140319s1892 xx 000 0 ara d
040 _aGCL /
_cGCL
082 0 4 _a910.3/
_bر ك
100 1 _aابن رستة : ابوعلى احمد بن عمر الفارسى الاصفهانى
245 1 0 _aكتاب الاعلاق النفيسة /
_cابى على احمد بن عمر بن رستة
260 _aليدن :
_bمطبعة بريل،
_c1892.
300 _a373 ص. ؛
_c24 سم.
650 0 7 _2qrmak
_aالبلدان
_vمعاجم
650 0 7 _2qrmak
_aالبلدان
_xوصف ورحلات
942 _2ddc
_cBK